| 000 | 01004cab a2200373 4500 | ||
|---|---|---|---|
| 001 | ABS60447 | ||
| 008 | 090401t1999 xxu||||| |||| 00| 0 eng d | ||
| 035 | _a(Sirsi) u93110 | ||
| 041 | _aeng | ||
| 245 | _aFocus 99: Essex | ||
| 260 | _c1999 | ||
| 350 | _a0 | ||
| 490 |
_aEstates Gazette _v(9916) 24 April 1999, 91-123(15) |
||
| 650 | _aA12 | ||
| 650 | _aBASILDON | ||
| 650 | _aBRENTWOOD | ||
| 650 | _aCHELMSFORD | ||
| 650 | _aCLACTON | ||
| 650 | _aCOLCHESTER | ||
| 650 | _aESSEX | ||
| 650 | _aHARWICH | ||
| 650 | _aHOUSING PROVISION | ||
| 650 | _aILFORD | ||
| 650 | _aINDUSTRIAL MARKET | ||
| 650 | _aPROPERTY-COMMERCIAL PROPERTY-OFFICE PROPERTY-OFFICE PROPERTY MARKET | ||
| 650 | _aPROPERTY MARKET | ||
| 650 | _aRESIDENTIAL MARKET | ||
| 650 | _aPROPERTY-COMMERCIAL PROPERTY-RETAIL PROPERTY-RETAIL PROPERTY MARKET | ||
| 650 | _aROMFORD | ||
| 650 | _aSOUTHEND | ||
| 690 | _aPROPERTY-COMMERCIAL PROPERTY-COMMERCIAL PROPERTY MARKET | ||
| 942 | _n0 | ||
| 948 | _c04/05/1999 | ||
| 999 |
_c59009 _d59009 |
||